|
|
|
|
| LEADER |
00000nam2a2200000 4500 |
| 001 |
255730 |
| 005 |
20231101233042.0 |
| 010 |
|
|
|a 9785986723679
|
| 035 |
|
|
|a (RuTPU)RU\TPU\book\278259
|
| 090 |
|
|
|a 255730
|
| 100 |
|
|
|a 20140401d2014 m y0rusy50 ca
|
| 101 |
0 |
|
|a rus
|
| 102 |
|
|
|a RU
|
| 105 |
|
|
|a a j 001zy
|
| 200 |
0 |
|
|a Ч. 1 : Автоматизированный электропривод механизмов циклического действия
|
| 210 |
|
|
|d 2014
|
| 215 |
|
|
|a 477 с.
|c ил.
|
| 320 |
|
|
|a Библиогр.: с. 444-446.
|
| 330 |
|
|
|a Изложены принципы построения систем регулируемого электропривода машин и установок горного производства с циклическим характером действия. Приведены методики расчета элементов силовой цепи и систем управления. Даны примеры расчетов как рабочих характеристик машин и установок, определяющих свойства электроприводов, так и статических и динамических характеристик регулируемых электроприводов. Описаны методы и средства компьютерного моделирования электроприводов с циклическим характером действия. Даны примеры моделирования в пакете «MatLab — Simulink».
|
| 461 |
|
1 |
|0 (RuTPU)RU\TPU\book\294766
|t Автоматизированный электропривод машин и установок горного производства
|o учебное пособие для вузов
|f А. В. Ляхомский, В. Н. Фащиленко
|v Ч. 1 : Автоматизированный электропривод механизмов циклического действия
|d 2014-
|s Горная электромеханика
|
| 606 |
1 |
|
|a Горные машины
|x Электроприводы автоматические
|2 stltpush
|3 (RuTPU)RU\TPU\subj\7900
|9 35419
|
| 610 |
1 |
|
|a горное производство
|
| 610 |
1 |
|
|a горные установки
|
| 610 |
1 |
|
|a автоматизированные электроприводы
|
| 610 |
1 |
|
|a электроприводы переменного тока
|
| 610 |
1 |
|
|a электроприводы постоянного тока
|
| 610 |
1 |
|
|a шахтные подъемные установки
|
| 610 |
1 |
|
|a рудничные установки
|
| 610 |
1 |
|
|a электродвигатели
|
| 610 |
1 |
|
|a выбор
|
| 610 |
1 |
|
|a расчет
|
| 610 |
1 |
|
|a силовые цепи
|
| 610 |
1 |
|
|a электромеханические характеристики
|
| 610 |
1 |
|
|a одноковшовые экскаваторы
|
| 610 |
1 |
|
|a учебные пособия
|
| 675 |
|
|
|a 622.002.5-83-52(075.8)
|v 3
|
| 801 |
|
1 |
|a RU
|b 63413507
|c 20140401
|
| 801 |
|
2 |
|a RU
|b 63413507
|c 20150619
|g RCR
|
| 900 |
|
|
|a Автоматизированный электропривод
|
| 900 |
|
|
|a Электроприводы переменного тока
|
| 900 |
|
|
|a Электроприводы постоянного тока
|
| 900 |
|
|
|a Электрификация горного производства
|
| 942 |
|
|
|c BK
|
| 952 |
|
|
|b 151000
|b 220700
|l 8
|
| 959 |
|
|
|a 7/20140121
|d 5
|e 850,00
|f ЧЗТЛ:1
|f АНЛ:1
|f УФ:3
|